[Event "Qatar Masters Open 2023"]
[Site "Doha QAT"]
[Date "2023.10.15"]
[Round "5.73"]
[White "Begmuratov, Khumoyun"]
[Black "Kwon, Sehyun"]
[Result "1-0"]
[WhiteTitle "FM"]
[BlackTitle "FM"]
[WhiteElo "2374"]
[BlackElo "2313"]
[WhiteFideId "14210207"]
[BlackFideId "13203088"]
[EventDate "2023.10.11"]

1. e4 e5 2. Nf3 Nc6 3. Bb5 a6 4. Ba4 Nf6 5. d3 b5 6. Bb3 Bc5 7. a4 Rb8 8. axb5
axb5 9. O-O d6 10. c3 O-O 11. h3 Be6 12. Bxe6 fxe6 13. b4 Bb6 14. Be3 Qe8 15.
Nbd2 Nh5 16. Bxb6 Rxb6 17. g3 Rb8 18. Kh2 h6 19. Qb3 Nf6 20. Ra6 Qd7 21. Kg2 Ra8
22. Rfa1 Rxa6 23. Rxa6 Kh8 24. Qb1 Nb8 25. Ra7 Qc6 26. Qb3 Re8 27. c4 Qb6 28.
Ra5 bxc4 29. Nxc4 Qb7 30. b5 Nbd7 31. Qa3 Rc8 32. Qc3 Rf8 33. Ncd2 Rc8 34. Qc4
Nc5 35. Nxe5 Qb6 36. Nc6 Rf8 37. Nf3 d5 38. exd5 Nxd5 39. Ra2 Nb7 40. Ra6 Nd6
41. Rxb6 Nxc4 42. Ra6 Nd6 43. Nfd4 Re8 44. Ne5 g5 45. Nc4 1-0

[Event "Qatar Masters Open 2023"]
[Site "Doha QAT"]
[Date "2023.10.15"]
[Round "5.74"]
[White "Laddha, Shubh Jayesh"]
[Black "Chan, Kim Yew"]
[Result "1-0"]
[WhiteTitle "FM"]
[BlackTitle "FM"]
[WhiteElo "2373"]
[BlackElo "2292"]
[WhiteFideId "30942799"]
[BlackFideId "5717981"]
[EventDate "2023.10.11"]

1. e4 c5 2. Nf3 e6 3. d4 cxd4 4. Nxd4 Nc6 5. Bf4 a6 6. Nxc6 bxc6 7. Nd2 d5 8.
Qf3 Ne7 9. Bd3 Ng6 10. Bg3 Bd6 11. Bxd6 Qxd6 12. O-O O-O 13. Rfd1 Bb7 14. Qg3
Qxg3 15. hxg3 c5 16. exd5 exd5 17. Nb3 c4 18. Bxg6 cxb3 19. Bd3 bxc2 20. Bxc2
Rac8 21. Bd3 Rfd8 22. Rac1 a5 23. f3 Kf8 24. Re1 h5 25. Kf2 g6 26. Ke3 Ke7 27.
Kd4+ Kd6 28. b3 Rh8 29. Rxc8 Rxc8 30. a3 Rh8 31. f4 Bc6 32. Bc2 h4 33. Rh1 Re8
34. gxh4 Re2 35. Bd3 Rxg2 36. h5 gxh5 37. Rxh5 Rd2 38. Rh6+ Kc7 39. Kc3 Rf2 40.
Rf6 Be8 41. a4 Kd7 42. f5 Ke7 43. Ra6 Bd7 44. Rxa5 Bxf5 45. Rxd5 Bxd3 46. Rxd3
f5 47. b4 f4 48. b5 f3 49. Kb4 Rb2+ 50. Ka5 f2 51. Rf3 Kd6 52. Ka6 Kc5 53. Rf5+
Kd6 54. b6 Kc6 55. Rf6+ Kc5 56. a5 Ra2 57. b7 Rb2 58. Ka7 1-0

[Event "Qatar Masters Open 2023"]
[Site "Doha QAT"]
[Date "2023.10.15"]
[Round "5.75"]
[White "Enkhtuul, Altan-Ulzii"]
[Black "Akshat, Khamparia"]
[Result "1/2-1/2"]
[WhiteTitle "WGM"]
[BlackTitle "IM"]
[WhiteElo "2231"]
[BlackElo "2393"]
[WhiteFideId "4901444"]
[BlackFideId "5016541"]
[EventDate "2023.10.11"]

1. d4 Nf6 2. Nf3 g6 3. g3 Bg7 4. Bg2 O-O 5. O-O d6 6. c4 c6 7. Nc3 Bf5 8. h3 Ne4
9. Bd2 Qb6 10. Na4 Qa6 11. b3 Nxd2 12. Qxd2 Bd7 13. Nc3 Qa5 14. a3 Na6 15. Rfd1
Qd8 16. b4 Be6 17. Qd3 Nc7 18. Nd2 d5 19. cxd5 cxd5 20. Nb3 b6 21. Rac1 Qd7 22.
Kh2 h5 23. e3 Rfc8 24. a4 h4 25. gxh4 Qd6+ 26. Kh1 Qxb4 27. Nd2 Qd6 28. h5 gxh5
29. Qe2 Bf5 30. Qxh5 Bg6 31. Qg5 Bf6 32. Qg4 e6 33. Ne2 Kf8 34. Ng3 Ke7 35. e4
Bg7 36. e5 Qa3 37. f4 Ne8 38. Ra1 Qd3 39. Nf3 Qc2 40. Nh4 Rc3 41. f5 Qf2 42. Ne2
Bxf5 43. Nxf5+ exf5 44. Qg5+ f6 45. Qd2 Re3 46. Nc3 Qxd2 47. Nxd5+ Kf8 48. Rxd2
Rg3 49. Nxf6 Rd8 50. Nh5 Re3 51. Nf4 Nc7 52. Re2 Rxe2 53. Nxe2 Ne6 54. a5 Nxd4
55. axb6 axb6 56. Nf4 Bh6 57. Nd5 b5 58. Rd1 Ne6 59. Rb1 1/2-1/2

[Event "Qatar Masters Open 2023"]
[Site "Doha QAT"]
[Date "2023.10.15"]
[Round "5.76"]
[White "Aayush, Bhattacherjee"]
[Black "Rakhmatullaev, Almas"]
[Result "0-1"]
[WhiteTitle "FM"]
[BlackTitle "IM"]
[WhiteElo "2444"]
[BlackElo "2389"]
[WhiteFideId "35029070"]
[BlackFideId "14205793"]
[EventDate "2023.10.11"]

1. d4 d5 2. Nf3 e6 3. e3 Nf6 4. Bd3 c5 5. c3 Nc6 6. O-O Bd6 7. Nbd2 O-O 8. dxc5
Bxc5 9. e4 h6 10. e5 Ng4 11. Qe2 f6 12. exf6 Qxf6 13. Nb3 Bb6 14. Ng5 e5 15. Nh7
Qh4 16. h3 Bxf2+ 0-1

[Event "Qatar Masters Open 2023"]
[Site "Doha QAT"]
[Date "2023.10.15"]
[Round "5.78"]
[White "Seemann, Jakub"]
[Black "Karamsetty, Jeevan"]
[Result "1-0"]
[WhiteTitle "IM"]
[WhiteElo "2431"]
[BlackElo "2300"]
[WhiteFideId "21874697"]
[BlackFideId "2025337"]
[EventDate "2023.10.11"]

1. e4 d6 2. d4 g6 3. Nf3 Nf6 4. Bd3 Bg7 5. O-O O-O 6. c3 Nc6 7. h3 e5 8. Re1 b6
9. Nbd2 Bb7 10. Nf1 a5 11. Ng3 Re8 12. Bb5 Nd7 13. Qa4 Ncb8 14. Bg5 f6 15. Be3
c6 16. Bf1 exd4 17. cxd4 Na6 18. Rad1 Nc7 19. h4 d5 20. Bf4 Ne6 21. Bc1 Ndf8 22.
h5 Qd6 23. h6 Bh8 24. Rd2 Re7 25. Rc2 Nc7 26. Qb3 Qb4 27. Bf4 Qxb3 28. axb3 Nfe6
29. exd5 Nxd5 30. Bd6 Ree8 31. Rce2 Kf7 32. Ne4 Ba6 33. Rc2 Bxf1 34. Kxf1 f5 35.
Neg5+ Nxg5 36. Nxg5+ Kg8 37. Be5 Nb4 38. Rd2 Bxe5 39. dxe5 Nd5 40. e6 Rac8 41.
Rc1 Kf8 42. Nxh7+ Ke7 43. Ng5 Kf6 44. f4 Nxf4 45. Nh7+ Ke7 46. Rd7+ Kxe6 47. Rg7
Kd6 48. Ng5 Nh5 49. Rxg6+ Ke5 50. Nf7+ Kf4 51. Rc4+ Ke3 52. Nd6 Rcd8 53. Rc3+
Kd2 54. Nxe8 Rxe8 55. Rd6# 1-0

[Event "Qatar Masters Open 2023"]
[Site "Doha QAT"]
[Date "2023.10.15"]
[Round "5.79"]
[White "Brendel, Oliver"]
[Black "Singh, Ojasva"]
[Result "0-1"]
[WhiteTitle "IM"]
[BlackTitle "FM"]
[WhiteElo "2316"]
[BlackElo "2324"]
[WhiteFideId "4602048"]
[BlackFideId "25681958"]
[EventDate "2023.10.11"]

1. c4 c6 2. e4 d5 3. exd5 cxd5 4. d4 Nf6 5. Nc3 g6 6. cxd5 Bg7 7. Bb5+ Nbd7 8.
d6 exd6 9. Qe2+ Qe7 10. Bf4 Qxe2+ 11. Ngxe2 Ke7 12. O-O Nb6 13. Rfe1 a6 14. Ba4
Be6 15. Bg5 Nxa4 16. Nxa4 b5 17. Nb6 Rab8 18. Nf4 Kf8 19. Nxe6+ fxe6 20. Bxf6
Rxb6 21. Bxg7+ Kxg7 22. Rxe6 Rc8 23. Kf1 Rc2 24. Re2 Rbc6 25. Rd1 b4 26. f4 Kf6
27. g4 h5 28. h3 h4 29. Kf2 a5 30. Rdd2 Rxd2 31. Rxd2 Rc1 32. d5 Rh1 33. Kg2 Ra1
34. b3 Rc1 35. Re2 Rc3 36. Re6+ Kf7 37. Rxd6 Rg3+ 38. Kf2 Rxh3 39. g5 Rh2+ 40.
Kf3 Rxa2 41. Kg4 Rb2 42. Rd7+ Kf8 43. Kxh4 Rxb3 44. f5 Rb1 45. fxg6 b3 46. g7+
Kg8 47. Kh5 Kh7 48. g8=Q+ Kxg8 49. d6 b2 50. Rd8+ Kf7 51. g6+ Ke6 0-1

[Event "Qatar Masters Open 2023"]
[Site "Doha QAT"]
[Date "2023.10.17"]
[Round "6.1"]
[White "Samant, Aditya S"]
[Black "Carlsen, Magnus"]
[Result "0-1"]
[WhiteTitle "IM"]
[BlackTitle "GM"]
[WhiteElo "2511"]
[BlackElo "2839"]
[WhiteFideId "35080580"]
[BlackFideId "1503014"]
[EventDate "2023.10.11"]

1. e4 e5 2. Nf3 Nc6 3. Bb5 a6 4. Ba4 Nf6 5. O-O b5 6. Bb3 Be7 7. Re1 d6 8. c3
O-O 9. h3 Nb8 10. d4 Nbd7 11. Nbd2 Bb7 12. Bc2 Re8 13. Nf1 Bf8 14. Ng3 g6 15. a4
Nb6 16. b3 bxa4 17. bxa4 a5 18. Rb1 Bg7 19. dxe5 dxe5 20. Qxd8 Raxd8 21. Rb5
Nfd7 22. Rxa5 Ra8 23. Rxa8 Rxa8 24. Be3 Nxa4 25. Rb1 Bc6 26. Rb4 Bf8 27. Rc4
Nac5 28. Bxc5 Bxc5 29. Nxe5 Bxf2+ 30. Kxf2 Nxe5 31. Rc5 f6 32. Bb3+ Kf8 33. Ke3
Ra7 34. Ne2 Ke7 35. Nd4 Kd6 36. Rxc6+ Nxc6 37. Nb5+ Ke5 38. Bd5 Ra6 39. Nxc7 Ra5
40. Ne6 Ne7 41. Bc4 Ra4 42. Bb3 Rxe4+ 43. Kd3 Nd5 0-1

[Event "Qatar Masters Open 2023"]
[Site "Doha QAT"]
[Date "2023.10.17"]
[Round "6.5"]
[White "Karthikeyan, Murali"]
[Black "Maghsoodloo, Parham"]
[Result "1/2-1/2"]
[WhiteTitle "GM"]
[BlackTitle "GM"]
[WhiteElo "2611"]
[BlackElo "2707"]
[WhiteFideId "5074452"]
[BlackFideId "12539929"]
[EventDate "2023.10.11"]

1. e4 c6 2. d4 d5 3. e5 Bf5 4. h4 h5 5. c4 e6 6. Nc3 dxc4 7. Bxc4 Nd7 8. Nge2
Be7 9. Ng3 Bg6 10. Be2 Qb6 11. a4 a5 12. Be3 Rd8 13. O-O Qb4 14. Ra3 Nc5 15.
Bxh5 Qxb2 16. Ra2 Qxc3 17. Bxg6 fxg6 18. Qg4 g5 19. dxc5 Qb3 20. Qe2 gxh4 21.
Ne4 h3 22. g3 Qd5 23. Bf4 Bxc5 24. Rd2 Bd4 25. Rb1 Rd7 26. Rxd4 Qxd4 27. Nd6+
Kf8 28. Rd1 Qxa4 29. Qf3 Ne7 30. Bg5+ Nf5 31. Kh2 g6 32. g4 Rhh7 33. gxf5 gxf5
34. Rg1 Qd4 35. Bf6 Rdg7 36. Bxg7+ Rxg7 37. Rxg7 Kxg7 38. Qxf5 exf5 39. Nxf5+
Kf7 40. Nxd4 a4 41. Kxh3 a3 42. Kg4 b5 43. Nb3 a2 44. Kf4 c5 45. Ke4 c4 46. Na1
b4 47. Kd4 b3 48. Kc3 Ke6 49. f4 Kd5 50. Kb2 Ke6 1/2-1/2

[Event "Qatar Masters Open 2023"]
[Site "Doha QAT"]
[Date "2023.10.17"]
[Round "6.6"]
[White "Aditya, Mittal"]
[Black "Sindarov, Javokhir"]
[Result "0-1"]
[WhiteTitle "GM"]
[BlackTitle "GM"]
[WhiteElo "2572"]
[BlackElo "2658"]
[WhiteFideId "35042025"]
[BlackFideId "14205483"]
[EventDate "2023.10.11"]

1. d4 Nf6 2. c4 g6 3. Nc3 d5 4. Nf3 Bg7 5. Qb3 c6 6. cxd5 cxd5 7. Bg5 Nc6 8. e3
e6 9. h4 O-O 10. Be2 h6 11. Bf4 Ne4 12. Nxe4 dxe4 13. Nd2 e5 14. dxe5 Nxe5 15.
Nxe4 Qa5+ 16. Nc3 Be6 17. Qb5 Nf3+ 18. gxf3 Bxc3+ 19. Kf1 Qxb5 20. Bxb5 Bxb2 21.
Rb1 Bg7 22. a4 Rfd8 23. Kg2 Rac8 24. Rhc1 Bf6 25. Rxc8 Rxc8 26. Kg3 Kg7 27. a5
Rc5 28. a6 bxa6 29. Bxa6 Rh5 30. Kg2 Ra5 31. Bb5 Bxh4 32. e4 Bg5 33. Bxg5 hxg5
34. Be8 Kf8 35. Bc6 Rc5 36. Rb8+ Kg7 37. Bb5 a5 38. Rb6 Kf8 39. Bc6 Ke7 40. Ra6
Kd8 41. Ba4 Kc7 42. Be8 Bc4 43. Ra8 Kb7 44. Rd8 Be6 45. Rd1 Kc7 46. Ba4 Rc3 47.
Ra1 Kd6 48. Kg3 Kc5 49. Be8 Kb6 50. Ba4 g4 51. Rb1+ Kc5 52. Rb5+ Kd4 53. Rxa5
Rxf3+ 54. Kg2 Ra3 55. Ra8 Ke5 56. Bc6 Rxa8 57. Bxa8 Kf4 58. Bc6 g5 59. e5 Kxe5
60. Kg3 f5 61. Ba4 Kd4 62. Bb5 Kc3 63. Ba6 Kd2 64. Bb7 Ke1 65. Kg2 f4 66. Bc6
Bc4 67. Bd7 Bd5+ 68. Kg1 g3 0-1

[Event "Qatar Masters Open 2023"]
[Site "Doha QAT"]
[Date "2023.10.17"]
[Round "6.7"]
[White "Jumabayev, Rinat"]
[Black "Yakubboev, Nodirbek"]
[Result "0-1"]
[WhiteTitle "GM"]
[BlackTitle "GM"]
[WhiteElo "2585"]
[BlackElo "2616"]
[WhiteFideId "13702661"]
[BlackFideId "14203987"]
[EventDate "2023.10.11"]

1. d4 Nf6 2. c4 e6 3. Nf3 d5 4. Nc3 Bb4 5. cxd5 exd5 6. Bg5 h6 7. Bh4 Bf5 8. e3
Nbd7 9. Be2 c6 10. O-O Bd6 11. a3 O-O 12. Nd2 Re8 13. b4 a5 14. b5 Qc7 15. Bg3
Bxg3 16. hxg3 c5 17. Rc1 c4 18. Re1 Nb6 19. Nf3 Qd6 20. Ra1 Ne4 21. Nxe4 Bxe4
22. Nd2 Bh7 23. Nb1 Bxb1 24. Qxb1 Nd7 25. Bf3 Nf6 26. b6 Ra6 27. Qb5 Rc8 28.
Rac1 Rxb6 29. Qxa5 Ra6 30. Qb5 Rxa3 31. e4 Qc6 32. Qb2 Rb3 33. exd5 Qd7 34. Qa2
b5 35. Qa6 Rd8 36. Rb1 Rxb1 37. Rxb1 Nxd5 38. Qxb5 Qxb5 39. Rxb5 Nc3 40. Rb4
Rxd4 41. Rb8+ Kh7 42. Rb6 Na2 43. Rb2 Nc1 44. Rc2 Nd3 45. Be2 f5 46. f3 g5 47.
Kf1 Kg6 48. Bxd3 cxd3 49. Rc6+ Kh5 50. Ke1 d2+ 51. Kd1 f4 52. gxf4 gxf4 53. Rf6
Kg5 54. Rf8 Kh4 55. Rg8 h5 56. Rg7 Rd5 57. Rg8 Rg5 58. Rf8 Rxg2 59. Rf5 Kg3 60.
Rxh5 Kxf3 61. Rh8 Kf2 62. Kxd2 Kg1+ 0-1

[Event "Qatar Masters Open 2023"]
[Site "Doha QAT"]
[Date "2023.10.17"]
[Round "6.9"]
[White "Van Foreest, Jorden"]
[Black "Shimanov, Aleksandr"]
[Result "1/2-1/2"]
[WhiteTitle "GM"]
[BlackTitle "GM"]
[WhiteElo "2707"]
[BlackElo "2566"]
[WhiteFideId "1039784"]
[BlackFideId "4198603"]
[EventDate "2023.10.11"]

1. e4 e6 2. d4 d5 3. Nc3 Nf6 4. e5 Nfd7 5. Nce2 c5 6. c3 Nc6 7. f4 b5 8. Nf3 b4
9. f5 bxc3 10. bxc3 cxd4 11. fxe6 fxe6 12. Nexd4 Nxd4 13. cxd4 Bb4+ 14. Bd2 Qa5
15. Rb1 Bxd2+ 16. Qxd2 Qxd2+ 17. Kxd2 Ke7 18. a4 a5 19. h4 Ba6 20. Bxa6 Rxa6 21.
Rhc1 Rb8 22. Rxb8 Nxb8 23. Rc8 Rb6 24. h5 Rb4 25. Ke3 Rb3+ 26. Kf4 Rb4 27. g4
Nd7 28. Rg8 Kf7 29. Rh8 h6 30. Ke3 Rb3+ 31. Kf2 Rb8 32. Rxb8 Nxb8 33. Nd2 Nc6
34. Ke3 g5 35. hxg6+ Kxg6 36. Nb3 Kg5 37. Kf3 h5 38. gxh5 Kxh5 39. Ke3 Kg6 40.
Ke2 Kf7 41. Kf3 Kg7 42. Ke3 Kf7 43. Nc5 Ke7 44. Nb3 Kf7 45. Kf4 Kg6 46. Kg4 Kh6
47. Kf3 Kg6 48. Kf4 Kh6 1/2-1/2

[Event "Qatar Masters Open 2023"]
[Site "Doha QAT"]
[Date "2023.10.17"]
[Round "6.10"]
[White "Srihari, L R"]
[Black "Aryan, Chopra"]
[Result "1/2-1/2"]
[WhiteTitle "IM"]
[BlackTitle "GM"]
[WhiteElo "2438"]
[BlackElo "2634"]
[WhiteFideId "46617116"]
[BlackFideId "5084423"]
[EventDate "2023.10.11"]

1. c4 Nf6 2. Nf3 e6 3. Nc3 d5 4. e3 b6 5. b3 Bb7 6. Bb2 Nbd7 7. Rc1 a6 8. cxd5
exd5 9. Ne2 Rc8 10. g3 c5 11. Bg2 Bd6 12. O-O O-O 13. d4 c4 14. Ne5 b5 15. bxc4
bxc4 16. Nf4 Rb8 17. Qa4 Re8 18. Rfd1 Nb6 19. Qa5 Bc7 20. Qd2 Nfd7 21. e4 dxe4
22. Nxd7 Qxd7 23. d5 Bxf4 24. Qxf4 Nxd5 25. Qg5 f6 26. Bxf6 h6 27. Qg6 Qf7 28.
Qxf7+ Kxf7 29. Ba1 Rbc8 30. Rd4 c3 31. Bxe4 Rc5 32. f3 Rec8 1/2-1/2

[Event "Qatar Masters Open 2023"]
[Site "Doha QAT"]
[Date "2023.10.17"]
[Round "6.11"]
[White "Salem, A.R. Saleh"]
[Black "Kaidanov, Gregory"]
[Result "1/2-1/2"]
[WhiteTitle "GM"]
[BlackTitle "GM"]
[WhiteElo "2632"]
[BlackElo "2554"]
[WhiteFideId "9301348"]
[BlackFideId "2008564"]
[EventDate "2023.10.11"]

1. d4 d5 2. c4 dxc4 3. Nf3 Nf6 4. e3 e6 5. Bxc4 c5 6. O-O a6 7. a4 Nc6 8. Qe2
cxd4 9. Rd1 Be7 10. exd4 O-O 11. Nc3 Nb4 12. Ne5 Bd7 13. Bf4 Bc6 14. Nxc6 bxc6
15. a5 Bd6 16. Be5 Qe7 17. Na4 Nd7 18. Bxd6 Qxd6 19. Ra3 Rfd8 20. h4 Qc7 21. h5
h6 22. Rg3 Qf4 23. Rf3 Qg4 24. Rb3 Qxe2 25. Bxe2 Rab8 26. Rc1 Nd5 27. Ra3 Ne7
28. Nc3 Ra8 29. Ra4 Nf6 30. Rc4 Ne8 31. Rb4 Nd6 32. Rb6 Nb5 33. Nxb5 cxb5 34.
Bf3 Ra7 35. Bb7 Nd5 36. Bxd5 Rxd5 37. Rc5 Rxd4 38. Rc8+ Kh7 39. Rbb8 g6 40. Rh8+
Kg7 41. Rbg8+ Kf6 42. hxg6 fxg6 43. Rxh6 Rg7 44. Ra8 Rd1+ 45. Kh2 1/2-1/2

[Event "Qatar Masters Open 2023"]
[Site "Doha QAT"]
[Date "2023.10.17"]
[Round "6.12"]
[White "Puranik, Abhimanyu"]
[Black "Kevlishvili, Robby"]
[Result "1/2-1/2"]
[WhiteTitle "GM"]
[BlackTitle "GM"]
[WhiteElo "2618"]
[BlackElo "2521"]
[WhiteFideId "5061245"]
[BlackFideId "1040634"]
[EventDate "2023.10.11"]

1. c4 e6 2. Nc3 d5 3. d4 Nf6 4. cxd5 Nxd5 5. e4 Nxc3 6. bxc3 c5 7. Bb5+ Nd7 8.
Qa4 Be7 9. Be3 O-O 10. Rd1 Qc7 11. Nf3 a6 12. Be2 b5 13. Qb3 Bb7 14. Qb1 Nb6 15.
Bd3 Na4 16. Bd2 Rac8 17. O-O cxd4 18. cxd4 Nc3 19. Bxc3 Qxc3 20. e5 g6 21. Be4
Bxe4 22. Qxe4 Qc6 23. d5 exd5 24. Rxd5 Rcd8 25. Rfd1 Rxd5 26. Rxd5 Qc1+ 27. Ne1
Rd8 28. Rxd8+ Bxd8 29. e6 fxe6 30. Qxe6+ Kf8 31. g3 Ba5 32. Qf6+ Ke8 33. Qe6+
Kf8 34. Qf6+ 1/2-1/2

[Event "Qatar Masters Open 2023"]
[Site "Doha QAT"]
[Date "2023.10.17"]
[Round "6.13"]
[White "Vakhidov, Jakhongir"]
[Black "Pranesh, M"]
[Result "1/2-1/2"]
[WhiteTitle "GM"]
[BlackTitle "GM"]
[WhiteElo "2607"]
[BlackElo "2515"]
[WhiteFideId "14201801"]
[BlackFideId "35028600"]
[EventDate "2023.10.11"]

1. d4 d5 2. c4 e6 3. Nf3 Nf6 4. Nc3 c6 5. e3 Nbd7 6. Bd3 dxc4 7. Bxc4 b5 8. Bd3
Bb7 9. O-O a6 10. e4 b4 11. Na4 c5 12. d5 exd5 13. exd5 Bxd5 14. Re1+ Be7 15.
Qe2 O-O 16. Qxe7 Qa5 17. b3 Bxf3 18. Bb2 Bc6 19. Bxf6 Nxf6 20. Qxc5 Qxc5 21.
Nxc5 a5 22. a3 Bd5 23. axb4 axb4 24. Rxa8 Rxa8 25. Na6 Bxb3 26. Nxb4 Kf8 27. Kf1
Kg8 28. Kg1 Kf8 29. Kf1 Kg8 30. Kg1 Kf8 1/2-1/2

[Event "Qatar Masters Open 2023"]
[Site "Doha QAT"]
[Date "2023.10.17"]
[Round "6.14"]
[White "Sethuraman, S.P."]
[Black "Ahmadzada, Ahmad"]
[Result "1/2-1/2"]
[WhiteTitle "GM"]
[BlackTitle "IM"]
[WhiteElo "2598"]
[BlackElo "2494"]
[WhiteFideId "5021596"]
[BlackFideId "13413007"]
[EventDate "2023.10.11"]

1. e4 e5 2. Nf3 Nc6 3. Bb5 a6 4. Ba4 Nf6 5. O-O Be7 6. Re1 b5 7. Bb3 O-O 8. h3
Na5 9. Nxe5 Nxb3 10. axb3 Bb7 11. d3 d5 12. exd5 Qxd5 13. Qf3 Bd6 14. Kf1 Rfb8
15. Qxd5 Nxd5 16. Bd2 c5 17. Nc3 Nb4 18. Rac1 Rd8 19. Nf3 Rac8 20. Ne4 Bf8 21.
Re2 f6 22. g4 c4 23. dxc4 bxc4 24. bxc4 Rxc4 25. Bxb4 Rxb4 26. c4 Rd3 27. Ng1
Rd4 28. Nd2 Rxb2 29. Ndf3 Rxe2 30. Nxd4 Re4 31. Nge2 a5 32. Ra1 Ba6 33. f3 Re5
34. Nc6 Re3 35. Kf2 Ra3 36. Rxa3 Bxa3 37. Nxa5 Bc5+ 38. Kg2 Bb6 39. Nc6 Bxc4 40.
Ng3 Kf7 41. Nf5 Bc5 42. Nd8+ Kf8 43. Nb7 Bb6 44. Nbd6 Bd3 45. Ne4 Kf7 46. h4 g6
47. Nfg3 Ke6 48. h5 Ke5 49. g5 1/2-1/2

[Event "Qatar Masters Open 2023"]
[Site "Doha QAT"]
[Date "2023.10.17"]
[Round "6.15"]
[White "Kuybokarov, Temur"]
[Black "Sankalp, Gupta"]
[Result "1/2-1/2"]
[WhiteTitle "GM"]
[BlackTitle "GM"]
[WhiteElo "2584"]
[BlackElo "2518"]
[WhiteFideId "14203049"]
[BlackFideId "5097010"]
[EventDate "2023.10.11"]

1. d4 Nf6 2. c4 e6 3. Nf3 a6 4. Nc3 d5 5. cxd5 exd5 6. Bg5 Be6 7. Bxf6 Qxf6 8.
Qb3 Ra7 9. a3 Qd8 10. Qc2 Nd7 11. e4 dxe4 12. Nxe4 Be7 13. O-O-O O-O 14. Bd3 Bg4
15. h3 Bxf3 16. gxf3 Nb6 17. f4 Nd5 18. f5 Nf6 19. Bc4 b5 20. Ba2 Nxe4 21. Qxe4
Bf6 22. Rhe1 Qd6 23. Re2 c6 24. Rc2 Rc7 25. Kb1 c5 26. Qd5 Qxd5 27. Bxd5 c4 28.
b3 c3 29. Be4 Rd8 30. d5 Kf8 31. Re2 Rd6 32. Kc2 Ke7 33. Ra1 Kd7 34. a4 b4 35.
Rg1 Rb6 36. Rg4 Rc5 37. Bf3 Rb8 38. h4 Kd6 39. h5 h6 40. Bg2 a5 41. Bf3 Rbc8 42.
Bg2 R5c7 43. Rge4 Re7 44. f4 Rxe4 45. Bxe4 Re8 46. Kd3 Bd8 47. Ke3 Bb6+ 48. Kf3
Bd4 49. Bd3 Rxe2 50. Kxe2 Kxd5 51. Kf3 Bc5 52. Be4+ Kd4 53. Bc2 Bd6 54. Bb1 Bc5 1/2-1/2

[Event "Qatar Masters Open 2023"]
[Site "Doha QAT"]
[Date "2023.10.17"]
[Round "6.16"]
[White "Panda, Sambit"]
[Black "Pranav, V"]
[Result "0-1"]
[WhiteTitle "IM"]
[BlackTitle "GM"]
[WhiteElo "2395"]
[BlackElo "2579"]
[WhiteFideId "25091794"]
[BlackFideId "25060783"]
[EventDate "2023.10.11"]

1. d4 Nf6 2. c4 g6 3. Nc3 Bg7 4. e4 d6 5. Nf3 O-O 6. Be2 Nbd7 7. O-O e5 8. Re1
Re8 9. Bf1 a6 10. dxe5 dxe5 11. Be3 c6 12. Qc2 Qe7 13. Rad1 b5 14. a3 Ng4 15.
Bg5 f6 16. Bc1 Nf8 17. b4 Be6 18. h3 Nh6 19. Be3 Nf7 20. Bc5 Qc7 21. a4 bxa4 22.
Nxa4 Nd7 23. Be3 a5 24. c5 axb4 25. Nb6 Rad8 26. Bc4 Nf8 27. Ra1 Qe7 28. Ra6 f5
29. Rea1 Bxc4 30. Qxc4 Qe6 31. Qxb4 f4 32. Bd2 g5 33. Qc4 h5 34. Bc3 Bf6 35. Nh2
Be7 36. Qe2 Bxc5 37. Nd5 Qh6 38. R1a5 Bd4 39. Bb4 Re6 40. Ne7+ Kh7 41. Nf5 Qg6
42. Bxf8 Rxf8 43. Nf3 Rb8 44. Qd1 g4 45. N3h4 Qf6 46. hxg4 Rd6 47. Qf3 Rb2 48.
Ra7 Bxf2+ 49. Qxf2 Rd1+ 50. Kh2 Rxf2 51. g5 Rff1 52. g4 Rf2+ 53. Ng2 f3 0-1

[Event "Qatar Masters Open 2023"]
[Site "Doha QAT"]
[Date "2023.10.17"]
[Round "6.17"]
[White "Bellahcene, Bilel"]
[Black "Giri, Anish"]
[Result "0-1"]
[WhiteTitle "GM"]
[BlackTitle "GM"]
[WhiteElo "2520"]
[BlackElo "2760"]
[WhiteFideId "696358"]
[BlackFideId "24116068"]
[EventDate "2023.10.11"]

1. e4 c5 2. Nf3 d6 3. d4 cxd4 4. Nxd4 Nf6 5. Nc3 a6 6. Bg5 e6 7. Qf3 h6 8. Be3
Nbd7 9. O-O-O Qc7 10. Qg3 b5 11. Bxb5 axb5 12. Ndxb5 Qb8 13. Nxd6+ Bxd6 14. Qxd6
Qxd6 15. Rxd6 Ng4 16. Re1 Ke7 17. Rdd1 Nxe3 18. Rxe3 g5 19. a4 Ne5 20. f3 Ba6
21. b3 h5 22. Nb1 h4 23. Rd2 h3 24. g3 Bf1 25. Rf2 Bg2 0-1

[Event "Qatar Masters Open 2023"]
[Site "Doha QAT"]
[Date "2023.10.17"]
[Round "6.18"]
[White "Prraneeth, Vuppala"]
[Black "Nihal, Sarin"]
[Result "1-0"]
[WhiteTitle "IM"]
[BlackTitle "GM"]
[WhiteElo "2510"]
[BlackElo "2694"]
[WhiteFideId "46622373"]
[BlackFideId "25092340"]
[EventDate "2023.10.11"]

1. e4 c5 2. Nf3 d6 3. d4 cxd4 4. Nxd4 Nf6 5. Nc3 a6 6. Be2 e5 7. Nb3 Be7 8. Be3
Be6 9. Nd5 Nbd7 10. Qd3 Bxd5 11. exd5 Rc8 12. c4 O-O 13. O-O Ne8 14. a4 f5 15.
a5 Bg5 16. Qc3 Bxe3 17. Qxe3 Qh4 18. Nd2 f4 19. Qa3 Ndf6 20. Kh1 Qh6 21. Qd3 g5
22. Qh3 Qxh3 23. gxh3 Kf7 24. Rg1 h6 25. Bd3 e4 26. Bxe4 Nxe4 27. Nxe4 Rxc4 28.
f3 Kg6 29. h4 Rxe4 30. fxe4 Nf6 31. hxg5 hxg5 32. Rae1 Re8 33. Kg2 Nxe4 34. Kf3
Nd2+ 35. Kg4 Ne4 36. Kf3 Nd2+ 37. Kg4 Ne4 38. h4 Re5 39. hxg5 Nf2+ 40. Kf3 Nh3
41. Rxe5 Nxg1+ 42. Kg2 dxe5 43. d6 1-0

[Event "Qatar Masters Open 2023"]
[Site "Doha QAT"]
[Date "2023.10.17"]
[Round "6.19"]
[White "Fedoseev, Vladimir3"]
[Black "Mousavi, Seyed Khalil"]
[Result "1-0"]
[WhiteTitle "GM"]
[BlackTitle "GM"]
[WhiteElo "2691"]
[BlackElo "2492"]
[WhiteFideId "24130737"]
[BlackFideId "12511099"]
[EventDate "2023.10.11"]

1. d4 Nf6 2. c4 e6 3. a3 b6 4. Nc3 Bb7 5. d5 exd5 6. cxd5 Bd6 7. Nf3 O-O 8. Bg5
h6 9. Bh4 Re8 10. e3 Ba6 11. Nb5 Be7 12. Bg3 Bxb5 13. Bxb5 Ne4 14. Qc2 Nxg3 15.
hxg3 Bf6 16. O-O-O a6 17. Be2 c5 18. d6 b5 19. Qxc5 Nc6 20. Kb1 Rc8 21. Rc1 Na5
22. Qxc8 Qxc8 23. Rxc8 Rxc8 24. Rd1 Nb7 25. Bd3 g6 26. e4 Nd8 27. Bc2 Bg7 28.
Ne1 Rc4 29. Nf3 Ne6 30. e5 Rc5 31. b4 Rc3 32. Rd5 Kf8 33. Nd2 Ng5 34. a4 bxa4
35. Bxa4 Ke8 36. Ra5 Ne6 37. Rxa6 Bxe5 38. f4 Bd4 39. Nf3 Rc4 40. b5 f6 41. Bb3
Rb4 42. Nxd4 Rxd4 43. Kb2 Rb4 44. Rb6 Nd8 45. Kc3 Re4 46. Rb8 Re3+ 47. Kc4 1-0